|
|
|
|
| LEADER |
01139nam a22002417a 4500 |
| 001 |
30034 |
| 003 |
BD-DhAAL |
| 005 |
20240925103537.0 |
| 008 |
151007s1995 bg a|||| |||| 00| 0 eng d |
| 040 |
|
|
|a BD-DhAAL
|c BD-DhAAL
|
| 082 |
|
|
|2 22
|a 307.1412095492
|
| 245 |
|
|
|a Audit of Rural Credit Project (RCP), Rural Development Programme (RDP).
|p Prepared for donor consortium.
|n (second quarter 1994) /
|c BRAC
|
| 264 |
|
|
|a Dhaka :
|b BRAC,
|c 1995.
|
| 300 |
|
|
|a 132 pages :
|b illustrations ;
|c 29 cm.
|
| 541 |
|
|
|e 30034
|a BRAC
|
| 610 |
|
|
|a BRAC
|9 15203
|
| 650 |
|
|
|a Rural development
|z Bangladesh.
|9 15204
|
| 710 |
|
|
|a BRAC
|9 15203
|
| 852 |
|
|
|a Ayesha Abed Library
|c BRAC Resource Section
|
| 942 |
|
|
|2 ddc
|c BK
|
| 999 |
|
|
|c 35707
|d 35707
|
| 952 |
|
|
|0 0
|1 0
|2 ddc
|4 0
|6 307_141209549200000_AUD
|7 1
|9 56159
|a BRACUL
|b BRACUL
|c BRS
|d 2015-10-07
|e BRAC
|l 0
|o 307.1412095492 AUD
|p 3010030034
|r 2015-10-07
|t 1
|w 2015-10-07
|y BK
|x BRAC ; price not available in register
|
| 952 |
|
|
|0 0
|1 0
|2 ddc
|4 0
|6 307_141209549200000_AUD
|7 1
|9 56189
|a BRACUL
|b BRACUL
|c BRS
|d 2015-10-08
|e BRAC
|l 1
|o 307.1412095492 AUD
|p 3010030011
|r 2025-12-30
|s 2025-03-23
|t 2
|w 2015-10-08
|y BK
|x BRAC ; price not available in register
|